Prečo si muži berú potvory ako si získať srdce muža

Bibliographic Details
Main Author: Argov, Sherry (Author)
Other Authors: Zrubáková, Martina (Translator)
Format: Book
Language:Slovak
English
PhysicalDescription:219 s. 20 cm
Published: Praha Motto 2015
ISBN:9788026704409
Edition:1. vyd.
Subjects:

MARC

LEADER 00000cam a2200000 a 4500
001 vtls010695512
003 SK-MaSNL
005 20260302052058.0
008 240314s2015 xr g f 000 0 slo
015 |a SNBZSA2015 
020 |a 9788026704409  |q (brož.) 
035 |a 60FC2C6C-BC0E-4991-9D17-0CFDC082E19B 
035 |a urn:nbn:sk:snk-aml4j1 
035 |a urn:nbn:sk:snk-am008wmb 
040 |a SNK  |b slo  |c SNK  |e AACR2 
041 1 |a slo  |h eng 
044 |a xr  |c CZ 
072 7 |a 316.4/.7  |x Sociálne interakcie  |2 konspekt 
072 7 |a 17  |x Etika. Morálna filozofia  |2 konspekt 
080 |a 316.346.2  |2 2001 
080 |a 316.474  |2 2001 
080 |a 316.472.42  |2 2001 
080 |a 177.6  |2 2001 
080 |a (0.062)  |2 2001 
100 1 |a Argov, Sherry  |4 aut  |9 607277 
240 1 0 |a Why men marry bitches  |l Slovensky 
245 1 0 |a Prečo si muži berú potvory  |b ako si získať srdce muža  |c Sherry Argovová ; [z anglického originálu ... preložila Martina Zrubáková] 
246 3 4 |a Prečo si muži berú potvory [a dobré dievčatá zostávajú na ocot] 
250 |a 1. vyd. 
260 |a Praha  |b Motto  |c 2015 
300 |a 219 s.  |c 20 cm 
500 |a Pokračovanie bestsellera: Prečo muži milujú potvory a dobrým dievčatám zostanú oči pre plač 
500 |a Celkovo 2. slovenské vydanie 
650 0 7 |a muži a ženy  |2 SNKPH  |9 4886 
650 0 7 |a partnerský výber  |2 SNKPH  |9 4920 
650 0 7 |a partnerské vzťahy  |2 SNKPH  |9 2250 
650 0 7 |a Men and women  |2 SNKPHeng  |9 268440 
650 0 7 |a Mate selection  |2 SNKPHeng  |9 303612 
650 0 7 |a Partner relationships  |2 SNKPHeng  |9 284534 
655 7 |a populárno-náučné publikácie  |2 SNKPH  |9 70460 
655 7 |a Popular works  |2 SNKPHeng  |9 90287 
700 1 |a Zrubáková, Martina  |4 trl  |9 47904 
852 |a Štátna vedecká knižnica v Banskej Bystrici 
919 |a 978-80-267-0440-9 
958 |a ZS 
958 |a OP 
999 |c 1103749  |d 1105679 
952 |a SNK  |b SNK  |y PREZ  |7 0  |p 17A1079829  |o snkSD 84639  |i snk2015/28976  |8 4  |g 9.27  |0 0  |1 0  |4 0  |d 2015-10-07  |f 1  |l 0  |r 2017-06-30 00:00:00  |w 2026-02-24